00788nam a2200265Ia 4500008004100000020001800041050001400059100003100073245004000104245006300144260001900207260001600226260000900242300001500251300002000266300001000286500000900296650001500305650002100320650002400341650001300365700001100378999001900389952011400408181129s9999 xx 000 0 und d a9780545157728 bJ177 2008 aJacobson, Jennifer Richard 0aAndy Shane and the queen of Egypt / 0cby Jennifer Richard Jacobson ; illustrated by Abby Carter. aNew York, NY : bScholastic, c2008 a56 pages : billustrations ; c19cm. a570L aBossiness. aCooperativeness. aElementary schools. aSchools. aTitle. c360053d360053 001040aSSISMbSSISMcSSISMd2018-11-29l0oGS FIC J177 2008pSSISM5847r2018-11-29 00:00:00w2018-11-29yBK